Morse theory

Saved in:
Bibliographic Details
Main Author: Milnor, John W. (John Willard), 1931-
Format: Book
Language:English
Published: Princeton : Princeton University Press, 1969
Series:Annals of mathematics studies ; ; 51
Subjects:
Tags: Add Tag
No Tags, Be the first to tag this record!

MARC

LEADER 00000cam a2200000 i 4500
001 1/40826
008 941103s1969 eng d
020 |a 0-691-08008-9 
035 |a 1991  |c ΑΝΟΥΣΗΣ  |l 10041348 
035 |a 1993 
040 |a GR-MY-UA  |b gre  |e aacr 
041 0 |a eng 
082 0 |a 515.73 
100 1 |a Milnor, John W.   |q (John Willard),   |d 1931- 
245 1 0 |a Morse theory /  |c by J. Milnor ; Based on Lecture notes by M. Spivak and R. Wells 
260 |a Princeton :   |b Princeton University Press,   |c 1969 
300 |a 153 p.;  |c 24 cm. 
490 1 |a Annals of Mathematics Studies  |v ; 51 
650 0 0 |a Morse theory. 
830 0 |a Annals of mathematics studies ;  |v ; 51 
852 |a INST  |b SAMOS  |e 19941103  |h 515.73 MIL  |p 005300002872  |q 005300002872  |t BK  |y 0 
852 |a INST  |b SAMOS  |e 19941103  |h 515.73 MIL  |p 005300003511  |q 005300003511  |t BK  |y 0 
909 |a Σ  |b 021666 
909 |a Σ  |b 030892